000
00271 a2200097 4500
001
48026
100
_a
Fazal-ur-Rahman
245
_a
Quranic foundations and structure of Muslim society
260
_a
Karachi
_b
World federation of Islamic mission
_c
090
_c
31014
_d
31014
942
_a
NUST-CAE
_c
M
_c
23353
999
_c
283099
_d
283099